[Event "DEM U12w 2018"]
[Site "Willingen GER"]
[Date "2018.05.23"]
[Round "7"]
[White "Adelmeyer, Nelly"]
[Black "Schulz, Hannah"]
[Result "0-1"]
[Termination "normal"]
[Board "7"]
[WhiteElo "1416"]
[BlackElo "1651"]
[WhiteClock "00:15:20"]
[BlackClock "00:31:38"]
[PlyCount "144"]
[WhiteFideId "16203577"]
[BlackFideId "16244745"]
[EventCountry "GER"]
[EventRounds "11"]
[EventType "swiss"]
[EventDate "2018.05.19"]

1. e4 {[%clk 1:15:59]} 1... c6 {[%clk 1:15:57]} 2. d4 {[%clk 1:16:25]} 2... d5
{[%clk 1:16:25]} 3. e5 {[%clk 1:16:49]} 3... Bf5 {[%clk 1:16:49]} 4. Nf3 {
[%clk 1:17:14]} 4... e6 {[%clk 1:17:15]} 5. Be2 {[%clk 1:17:38]} 5... Ne7 {
[%clk 1:17:37]} 6. O-O {[%clk 1:18:01]} 6... Bg6 {[%clk 1:17:55]} 7. Bg5 {
[%clk 1:18:07]} 7... Qb6 {[%clk 1:17:07]} 8. b3 {[%clk 1:18:07]} 8... Nf5 {
[%clk 1:17:07]} 9. Nc3 {[%clk 1:16:01]} 9... Bb4 {[%clk 1:13:28]} 10. Na4 {
[%clk 1:15:52]} 10... Qc7 {[%clk 1:13:32]} 11. c4 {[%clk 1:13:40]} 11... h6 {
[%clk 1:07:37]} 12. Bf4 {[%clk 1:13:20]} 12... O-O {[%clk 1:06:57]} 13. c5 {
[%clk 1:13:33]} 13... Qc8 {[%clk 1:01:22]} 14. a3 {[%clk 1:12:23]} 14... Ba5 {
[%clk 1:01:35]} 15. b4 {[%clk 1:12:41]} 15... Bc7 {[%clk 1:00:26]} 16. Nc3 {
[%clk 1:12:03]} 16... f6 {[%clk 0:59:31]} 17. b5 {[%clk 1:11:34]} 17... Nd7 {
[%clk 0:57:08]} 18. Bd3 {[%clk 1:06:29]} 18... fxe5 {[%clk 0:55:55]} 19. Bxe5 {
[%clk 1:04:11]} 19... Nxe5 {[%clk 0:52:26]} 20. Nxe5 {[%clk 1:03:36]} 20...
Bxe5 {[%clk 0:48:09]} 21. dxe5 {[%clk 1:03:47]} 21... cxb5 {[%clk 0:47:35]} 22.
Qg4 {[%clk 0:59:00]} 22... Bh7 {[%clk 0:43:47]} 23. Qb4 {[%clk 0:57:16]} 23...
a6 {[%clk 0:42:36]} 24. Rfb1 {[%clk 0:54:35]} 24... Rb8 {[%clk 0:40:25]} 25. a4
{[%clk 0:51:34]} 25... bxa4 {[%clk 0:39:28]} 26. Nxa4 {[%clk 0:51:47]} 26...
Ne7 {[%clk 0:38:07]} 27. Bxh7+ {[%clk 0:51:55]} 27... Kxh7 {[%clk 0:38:31]} 28.
Nb6 {[%clk 0:50:33]} 28... Qc7 {[%clk 0:38:20]} 29. Re1 {[%clk 0:46:42]} 29...
Nc6 {[%clk 0:37:36]} 30. Qb1+ {[%clk 0:46:13]} 30... Kh8 {[%clk 0:37:17]} 31.
Qb2 {[%clk 0:41:42]} 31... Rf5 {[%clk 0:35:22]} 32. Qb1 {[%clk 0:37:51]} 32...
Rbf8 {[%clk 0:34:38]} 33. Re2 {[%clk 0:36:33]} 33... Nxe5 {[%clk 0:33:59]} 34.
Qc2 {[%clk 0:34:15]} 34... Ng4 {[%clk 0:32:16]} 35. g3 {[%clk 0:33:33]} 35...
Rxf2 {[%clk 0:29:30]} 36. Rxf2 {[%clk 0:32:20]} 36... Nxf2 {[%clk 0:29:05]} 37.
Qg6 {[%clk 0:31:25]} 37... Ne4 {[%clk 0:27:30]} 38. Rc1 {[%clk 0:25:01]} 38...
Qf7 {[%clk 0:24:37]} 39. Qxf7 {[%clk 0:22:38]} 39... Rxf7 {[%clk 0:25:01]} 40.
c6 {[%clk 0:22:09]} 40... bxc6 {[%clk 0:23:14]} 41. Rxc6 {[%clk 0:22:24]} 41...
Re7 {[%clk 0:22:48]} 42. Na4 {[%clk 0:21:44]} 42... e5 {[%clk 0:22:13]} 43.
Rxa6 {[%clk 0:20:23]} 43... d4 {[%clk 0:22:11]} 44. Nb2 {[%clk 0:20:24]} 44...
Nc3 {[%clk 0:21:40]} 45. Rd6 {[%clk 0:19:23]} 45... Kg8 {[%clk 0:21:14]} 46.
Kf2 {[%clk 0:19:04]} 46... Kf7 {[%clk 0:21:22]} 47. Ke1 {[%clk 0:18:16]} 47...
Re6 {[%clk 0:21:15]} 48. Rd7+ {[%clk 0:17:49]} 48... Kf6 {[%clk 0:21:08]} 49.
Nd3 {[%clk 0:17:08]} 49... g5 {[%clk 0:20:17]} 50. Nc5 {[%clk 0:17:16]} 50...
Rb6 {[%clk 0:19:33]} 51. Nd3 {[%clk 0:16:06]} 51... Kf5 {[%clk 0:19:02]} 52.
Nf2 {[%clk 0:15:59]} 52... Rb1+ {[%clk 0:19:08]} 53. Kd2 {[%clk 0:16:19]} 53...
Rb2+ {[%clk 0:19:13]} 54. Ke1 {[%clk 0:16:41]} 54... Re2+ {[%clk 0:19:19]} 55.
Kf1 {[%clk 0:17:03]} 55... Ra2 {[%clk 0:18:56]} 56. Ke1 {[%clk 0:13:58]} 56...
Ne4 {[%clk 0:17:50]} 57. g4+ {[%clk 0:11:43]} 57... Kf4 {[%clk 0:17:13]} 58.
Rf7+ {[%clk 0:10:28]} 58... Ke3 {[%clk 0:17:09]} 59. Nd1+ {[%clk 0:10:19]}
59... Kd3 {[%clk 0:17:08]} 60. Rf3+ {[%clk 0:09:56]} 60... Kc4 {[%clk 0:17:02]}
61. Rf8 {[%clk 0:05:28]} 61... Nc3 {[%clk 0:15:25]} 62. Rc8+ {[%clk 0:05:44]}
62... Kd3 {[%clk 0:15:21]} 63. Nf2+ {[%clk 0:02:28]} 63... Ke3 {[%clk 0:15:17]}
64. Kf1 {[%clk 0:02:49]} 64... Rxf2+ {[%clk 0:15:33]} 65. Ke1 {[%clk 0:02:20]}
65... Rxh2 {[%clk 0:15:46]} 66. Kf1 {[%clk 0:02:39]} 66... Kd3 {[%clk 0:15:49]}
67. Kg1 {[%clk 0:01:17]} 67... Re2 {[%clk 0:16:00]} 68. Kf1 {[%clk 0:00:53]}
68... e4 {[%clk 0:15:49]} 69. Rh8 {[%clk 0:14:54]} 69... e3 {[%clk 0:31:02]}
70. Rxh6 {[%clk 0:15:18]} 70... Rf2+ {[%clk 0:31:28]} 71. Ke1 {[%clk 0:15:01]}
71... Rg2 {[%clk 0:31:38]} 72. Rh3 {[%clk 0:15:20]} 72... Rg1# 0-1

[Event "DEM U12w 2018"]
[Site "Willingen GER"]
[Date "2018.05.23"]
[Round "7"]
[White "Fischer, Darja"]
[Black "Bildat, Emilia"]
[Result "1/2-1/2"]
[Termination "normal"]
[Board "8"]
[WhiteElo "1292"]
[BlackElo "1460"]
[WhiteClock "00:18:43"]
[BlackClock "00:01:04"]
[PlyCount "84"]
[WhiteFideId "16240898"]
[BlackFideId "16218140"]
[EventCountry "GER"]
[EventRounds "11"]
[EventType "swiss"]
[EventDate "2018.05.19"]

1. e4 {[%clk 1:15:58]} 1... e5 {[%clk 1:15:55]} 2. Nf3 {[%clk 1:16:23]} 2...
Nc6 {[%clk 1:16:19]} 3. Nc3 {[%clk 1:16:44]} 3... Nf6 {[%clk 1:16:42]} 4. Bb5 {
[%clk 1:17:04]} 4... Bb4 {[%clk 1:17:03]} 5. O-O {[%clk 1:17:11]} 5... O-O {
[%clk 1:17:06]} 6. d3 {[%clk 1:17:12]} 6... d6 {[%clk 1:16:49]} 7. Bg5 { [%clk
1:17:24]} 7... Bxc3 {[%clk 1:17:07]} 8. bxc3 {[%clk 1:17:44]} 8... Qe7 { [%clk
1:16:50]} 9. h3 {[%clk 1:17:16]} 9... Nd8 {[%clk 1:16:26]} 10. Re1 { [%clk
1:14:52]} 10... Ne6 {[%clk 1:16:31]} 11. Bh4 {[%clk 1:14:54]} 11... Nf4 { [%clk
1:15:57]} 12. Qd2 {[%clk 1:08:06]} 12... h6 {[%clk 1:14:30]} 13. Bc4 { [%clk
0:58:06]} 13... Ng6 {[%clk 1:13:17]} 14. Bg3 {[%clk 0:58:19]} 14... Be6 { [%clk
1:12:02]} 15. Bb3 {[%clk 0:58:29]} 15... a5 {[%clk 1:07:34]} 16. Rab1 { [%clk
0:56:27]} 16... b6 {[%clk 1:04:25]} 17. Bxe6 {[%clk 0:51:01]} 17... Qxe6 {[%clk
1:04:30]} 18. c4 {[%clk 0:51:01]} 18... Nd7 {[%clk 1:02:21]} 19. Qc3 { [%clk
0:45:47]} 19... f5 {[%clk 0:56:54]} 20. exf5 {[%clk 0:45:02]} 20... Qxf5 {[%clk
0:56:53]} 21. Qd2 {[%clk 0:42:29]} 21... Nc5 {[%clk 0:49:37]} 22. Qe3 { [%clk
0:40:16]} 22... Rae8 {[%clk 0:45:04]} 23. Nd2 {[%clk 0:39:06]} 23... h5 { [%clk
0:39:29]} 24. f3 {[%clk 0:34:33]} 24... Nf4 {[%clk 0:32:15]} 25. Bxf4 { [%clk
0:31:10]} 25... Qxf4 {[%clk 0:31:58]} 26. Qxf4 {[%clk 0:31:15]} 26... exf4
{[%clk 0:31:03]} 27. Ne4 {[%clk 0:30:27]} 27... Nxe4 {[%clk 0:31:10]} 28. Rxe4
{[%clk 0:29:59]} 28... Rxe4 {[%clk 0:31:05]} 29. fxe4 {[%clk 0:30:11]} 29... f3
{[%clk 0:30:56]} 30. Rb5 {[%clk 0:25:27]} 30... g6 {[%clk 0:25:43]} 31. Rg5
{[%clk 0:25:08]} 31... Kg7 {[%clk 0:25:18]} 32. Rg3 {[%clk 0:24:30]} 32... fxg2
{[%clk 0:23:30]} 33. Kxg2 {[%clk 0:24:08]} 33... Rf4 {[%clk 0:23:19] } 34. Rf3
{[%clk 0:21:32]} 34... Rxf3 {[%clk 0:23:26]} 35. Kxf3 {[%clk 0:21:55] } 35...
Kf6 {[%clk 0:23:48]} 36. h4 {[%clk 0:20:48]} 36... g5 {[%clk 0:14:17]} 37.
hxg5+ {[%clk 0:21:12]} 37... Kxg5 {[%clk 0:14:40]} 38. Kg3 {[%clk 0:21:37]}
38... c5 {[%clk 0:14:40]} 39. c3 {[%clk 0:21:18]} 39... h4+ {[%clk 0:14:56]}
40. Kf3 {[%clk 0:20:41]} 40... h3 {[%clk 0:11:20]} 41. d4 {[%clk 0:18:22]}
41... h2 {[%clk 0:01:04]} 42. Kg2 {[%clk 0:18:43]} 42... h1=Q+ 1/2-1/2

[Event "DEM U12w 2018"]
[Site "Willingen GER"]
[Date "2018.05.23"]
[Round "7"]
[White "Becker, Linda"]
[Black "Petersen, Sophie"]
[Result "0-1"]
[Termination "normal"]
[Board "9"]
[WhiteElo "1464"]
[BlackElo "1431"]
[WhiteClock "00:08:55"]
[BlackClock "00:06:30"]
[PlyCount "168"]
[WhiteFideId "16244753"]
[BlackFideId "16229380"]
[EventCountry "GER"]
[EventRounds "11"]
[EventType "swiss"]
[EventDate "2018.05.19"]

1. e4 1... c5 {[%clk 1:15:49]} 2. c3 {[%clk 1:16:23]} 2... Nc6 {[%clk 1:15:57]}
3. d4 {[%clk 1:16:34]} 3... cxd4 {[%clk 1:16:00]} 4. cxd4 {[%clk 1:16:56]} 4...
g6 {[%clk 1:15:43]} 5. Nf3 {[%clk 1:16:51]} 5... Bg7 {[%clk 1:15:38]} 6. Nc3 {
[%clk 1:16:16]} 6... d6 {[%clk 1:15:00]} 7. h3 {[%clk 1:16:21]} 7... Nf6 {
[%clk 1:14:14]} 8. Bd3 {[%clk 1:14:37]} 8... O-O {[%clk 1:13:49]} 9. O-O {
[%clk 1:14:34]} 9... d5 {[%clk 1:11:34]} 10. e5 {[%clk 1:11:10]} 10... Ne8 {
[%clk 1:10:00]} 11. Re1 {[%clk 1:08:07]} 11... f6 {[%clk 1:08:24]} 12. Qb3 {
[%clk 1:04:53]} 12... fxe5 {[%clk 1:05:15]} 13. Nxe5 {[%clk 0:58:55]} 13...
Nxe5 {[%clk 1:00:50]} 14. dxe5 {[%clk 0:57:24]} 14... Nc7 {[%clk 0:54:44]} 15.
Bg5 {[%clk 0:50:47]} 15... Bf5 {[%clk 0:52:35]} 16. Rad1 {[%clk 0:40:30]} 16...
Qd7 {[%clk 0:47:36]} 17. Bf1 {[%clk 0:25:18]} 17... Be6 {[%clk 0:45:05]} 18.
Qxb7 {[%clk 0:19:06]} 18... Rfb8 {[%clk 0:44:22]} 19. Bb5 19... Rxb7 { [%clk
0:38:28]} 20. Bxd7 {[%clk 0:18:51]} 20... Bxd7 {[%clk 0:38:19]} 21. Nxd5 {[%clk
0:18:23]} 21... Nxd5 {[%clk 0:38:09]} 22. Rxd5 {[%clk 0:18:44]} 22... Be6
{[%clk 0:37:41]} 23. Ra5 {[%clk 0:12:56]} 23... h6 {[%clk 0:36:30]} 24. Bc1
{[%clk 0:12:37]} 24... Rd8 {[%clk 0:36:10]} 25. Ra6 {[%clk 0:11:45]} 25... Bf5
{[%clk 0:35:22]} 26. g4 {[%clk 0:08:51]} 26... Bd3 {[%clk 0:34:37]} 27. Ra4 {
[%clk 0:07:05]} 27... Bc2 {[%clk 0:31:17]} 28. Rc4 {[%clk 0:05:51]} 28... Rd1 {
[%clk 0:29:59]} 29. Rxd1 {[%clk 0:06:16]} 29... Bxd1 {[%clk 0:30:16]} 30. Rc5 {
[%clk 0:04:09]} 30... Rd7 {[%clk 0:29:32]} 31. e6 {[%clk 0:04:07]} 31... Rd6 {
[%clk 0:28:06]} 32. Rc7 {[%clk 0:03:25]} 32... Rxe6 {[%clk 0:27:18]} 33. Rxa7 {
[%clk 0:02:49]} 33... Bc2 {[%clk 0:23:33]} 34. Kg2 {[%clk 0:02:28]} 34... Re2 {
[%clk 0:22:55]} 35. Kf3 {[%clk 0:01:54]} 35... Bd1 {[%clk 0:21:06]} 36. Kg2 {
[%clk 0:01:22]} 36... Bd4 {[%clk 0:20:14]} 37. Ra8+ {[%clk 0:00:55]} 37... Kh7
{[%clk 0:20:03]} 38. Rf8 {[%clk 0:01:06]} 38... Kg7 {[%clk 0:19:18]} 39. Rf4 {
[%clk 0:00:57]} 39... e5 {[%clk 0:16:32]} 40. Rf3 {[%clk 0:00:46]} 40... Rc2 {
[%clk 0:15:39]} 41. Bxh6+ {[%clk 0:15:11]} 41... Kxh6 {[%clk 0:30:44]} 42. Rf7
{[%clk 0:14:52]} 42... e4 {[%clk 0:30:09]} 43. Kg3 {[%clk 0:14:26]} 43... Bf3 {
[%clk 0:29:15]} 44. Kf4 {[%clk 0:13:26]} 44... g5+ {[%clk 0:26:36]} 45. Kf5 {
[%clk 0:13:21]} 45... Rc5+ {[%clk 0:25:56]} 46. Ke6 {[%clk 0:13:31]} 46... Kg6
{[%clk 0:24:40]} 47. Rd7 {[%clk 0:12:16]} 47... Bxb2 {[%clk 0:21:32]} 48. a4 {
[%clk 0:12:01]} 48... e3 {[%clk 0:20:48]} 49. fxe3 {[%clk 0:11:53]} 49... Rc6+
{[%clk 0:20:30]} 50. Rd6 {[%clk 0:12:07]} 50... Rxd6+ {[%clk 0:19:41]} 51. Kxd6
{[%clk 0:12:30]} 51... Kf6 {[%clk 0:19:31]} 52. a5 {[%clk 0:12:45]} 52... Ba3+
{[%clk 0:19:26]} 53. Kc7 {[%clk 0:12:55]} 53... Ke5 {[%clk 0:19:08]} 54. a6 {
[%clk 0:13:09]} 54... Be7 {[%clk 0:15:58]} 55. Kd7 {[%clk 0:12:21]} 55... Bc5 {
[%clk 0:15:26]} 56. Ke8 {[%clk 0:12:10]} 56... Bxe3 {[%clk 0:15:33]} 57. Kf7 {
[%clk 0:12:07]} 57... Be2 {[%clk 0:14:48]} 58. Kg6 {[%clk 0:12:11]} 58... Bxa6
{[%clk 0:14:37]} 59. Kh5 {[%clk 0:11:48]} 59... Kf6 {[%clk 0:13:24]} 60. h4 {
[%clk 0:11:45]} 60... gxh4 {[%clk 0:12:57]} 61. Kxh4 {[%clk 0:11:57]} 61... Bf4
{[%clk 0:12:38]} 62. g5+ {[%clk 0:11:39]} 62... Bxg5+ {[%clk 0:12:33]} 63. Kg3
{[%clk 0:09:07]} 63... Kf5 {[%clk 0:11:24]} 64. Kf3 {[%clk 0:08:45]} 64... Bb7+
{[%clk 0:10:40]} 65. Kg3 {[%clk 0:08:20]} 65... Bf4+ {[%clk 0:10:08]} 66. Kh3 {
[%clk 0:07:29]} 66... Bf3 {[%clk 0:09:58]} 67. Kh4 {[%clk 0:07:40]} 67... Ke4 {
[%clk 0:08:54]} 68. Kh3 {[%clk 0:07:54]} 68... Be3 {[%clk 0:07:49]} 69. Kg3 {
[%clk 0:07:52]} 69... Bg5 {[%clk 0:07:44]} 70. Kh3 {[%clk 0:07:27]} 70... Kf4 {
[%clk 0:07:12]} 71. Kh2 {[%clk 0:07:48]} 71... Bg4 {[%clk 0:07:17]} 72. Kg2 {
[%clk 0:07:35]} 72... Kf5 {[%clk 0:07:06]} 73. Kf2 {[%clk 0:07:46]} 73... Bf4 {
[%clk 0:07:21]} 74. Kg2 {[%clk 0:07:46]} 74... Ke4 {[%clk 0:07:40]} 75. Kf2 {
[%clk 0:07:49]} 75... Kd3 {[%clk 0:07:39]} 76. Kf1 {[%clk 0:07:48]} 76... Ke3 {
[%clk 0:07:20]} 77. Kg2 {[%clk 0:07:32]} 77... Ke2 {[%clk 0:07:26]} 78. Kg1
78... Bf5 {[%clk 0:06:07]} 79. Kg2 {[%clk 0:07:29]} 79... Bg4 {[%clk 0:06:06]}
80. Kg1 {[%clk 0:07:33]} 80... Bh3 {[%clk 0:05:46]} 81. Kh1 {[%clk 0:07:53]}
81... Kf3 {[%clk 0:05:55]} 82. Kg1 {[%clk 0:08:12]} 82... Kg3 {[%clk 0:06:08]}
83. Kh1 {[%clk 0:08:30]} 83... Bg2+ {[%clk 0:06:30]} 84. Kg1 {[%clk 0:08:55]}
84... Be3# 0-1

[Event "DEM U12w 2018"]
[Site "Willingen GER"]
[Date "2018.05.23"]
[Round "7"]
[White "Sinner, Joselyne"]
[Black "Roncea, Andreea-Alexandra"]
[Result "0-1"]
[Termination "normal"]
[Board "10"]
[WhiteElo "1541"]
[BlackElo "1532"]
[PlyCount "120"]
[WhiteFideId "16210387"]
[BlackFideId "16233115"]
[EventCountry "GER"]
[EventRounds "11"]
[EventType "swiss"]
[EventDate "2018.05.19"]

1. e4 e5 2. Nf3 Nc6 3. Nc3 Nf6 4. Bb5 Bb4 5. d3 Nd4 6. Bc4 d5 7. Bb3 Nxb3 8.
cxb3 dxe4 9. Nxe5 Qd4 10. Nc4 Bxc3+ 11. bxc3 Qxc3+ 12. Bd2 Qxd3 13. Rc1 Bg4 14.
Ne5 Bxd1 15. Nxd3 exd3 16. Rxd1 O-O-O 17. O-O Ne4 18. f3 Nxd2 19. Rxd2 Rhe8 20.
Kf2 Rd6 21. Rfd1 Re2+ 22. Rxe2 dxe2 23. Kxe2 Rxd1 24. Kxd1 Kd7 25. Ke2 Kd6 26.
Ke3 Kd5 27. Kd3 b5 28. h4 c5 29. Kc3 h5 30. a3 f5 31. g3 Ke5 32. Kd3 f4 33.
gxf4+ Kxf4 34. a4 a6 35. Ke2 Kg3 36. Ke3 Kxh4 37. Kf2 bxa4 38. bxa4 c4 39. Ke3
c3 40. Kd3 c2 41. Kxc2 Kg3 42. Kb3 h4 43. Kb4 h3 44. Ka5 h2 45. Kxa6 h1=Q 46.
a5 Qxf3 47. Ka7 g5 48. a6 g4 49. Kb8 Kh2 50. a7 g3 51. a8=Q Qxa8+ 52. Kxa8 g2
53. Kb8 g1=Q 54. Kb7 Qc5 55. Ka6 Qb4 56. Ka7 Kg3 57. Ka6 Kf4 58. Ka7 Ke5 59.
Ka8 Kd6 60. Ka7 Kc7 0-1

[Event "DEM U12w 2018"]
[Site "Willingen GER"]
[Date "2018.05.23"]
[Round "7"]
[White "Buchholz, Maja"]
[Black "Breß, Amy Charlize"]
[Result "1-0"]
[Termination "normal"]
[Board "11"]
[WhiteElo "1320"]
[BlackElo "1558"]
[PlyCount "47"]
[WhiteFideId "16200500"]
[BlackFideId "16233786"]
[EventCountry "GER"]
[EventRounds "11"]
[EventType "swiss"]
[EventDate "2018.05.19"]

1. c4 Nf6 2. g3 e6 3. Bg2 c5 4. Nf3 d6 5. O-O Be7 6. Nc3 O-O 7. d4 cxd4 8. Qxd4
Nc6 9. Qd3 a6 10. a3 Qc7 11. b4 Rb8 12. Bb2 b6 13. Rac1 Bb7 14. Rfd1 Rfd8 15.
Qc2 Qc8 16. e4 Rd7 17. Qe2 Qd8 18. Bh3 g5 19. Nxg5 Ne5 20. Nf3 Nxf3+ 21. Qxf3
Nxe4 22. Nxe4 f5 23. Qc3 Bxe4 24. Qg7# 1-0

[Event "DEM U12w 2018"]
[Site "Willingen GER"]
[Date "2018.05.23"]
[Round "7"]
[White "Zöllner, Bente"]
[Black "Wimmer, Katharina"]
[Result "1/2-1/2"]
[Termination "normal"]
[Board "12"]
[WhiteElo "1314"]
[BlackElo "1169"]
[PlyCount "54"]
[WhiteFideId "16230523"]
[BlackFideId "16265947"]
[EventCountry "GER"]
[EventRounds "11"]
[EventType "swiss"]
[EventDate "2018.05.19"]

1. d4 d5 2. c4 e6 3. Nc3 Nf6 4. Nf3 Nbd7 5. Bg5 Be7 6. e3 O-O 7. cxd5 Nxd5 8.
Nxd5 exd5 9. Bxe7 Qxe7 10. Bd3 Nf6 11. O-O b6 12. Qc2 Ne4 13. Bxe4 Qxe4 14.
Qxc7 Bf5 15. Qe5 Qxe5 16. Nxe5 Rac8 17. Rac1 a5 18. Rc6 f6 19. Rxc8 Rxc8 20.
Nf3 Rc2 21. Rb1 Kf7 22. Kf1 Ke6 23. a3 Kd6 24. b4 Rxf2+ 25. Kxf2 Bxb1 26. Nd2
Bg6 27. Nb3 axb4 1/2-1/2

[Event "DEM U12w 2018"]
[Site "Willingen GER"]
[Date "2018.05.23"]
[Round "7"]
[White "Alferova, Emily"]
[Black "Derling, Charlotte"]
[Result "1/2-1/2"]
[Termination "normal"]
[Board "13"]
[WhiteElo "1323"]
[BlackElo "1449"]
[PlyCount "57"]
[WhiteFideId "16265904"]
[BlackFideId "16222237"]
[EventCountry "GER"]
[EventRounds "11"]
[EventType "swiss"]
[EventDate "2018.05.19"]

1. e4 c5 2. d4 cxd4 3. c3 d3 4. Bxd3 Nc6 5. Nf3 d6 6. Nbd2 Nf6 7. Nf1 g6 8. Ng3
Bg7 9. h3 Qb6 10. Qe2 Bd7 11. Be3 Qc7 12. Bc4 a6 13. a3 b5 14. Ba2 Qb7 15. Rd1
Rc8 16. O-O O-O 17. Qd2 Na5 18. Rfe1 Nc4 19. Bxc4 Rxc4 20. e5 dxe5 21. Nxe5 Rc7
22. Nxd7 Rxd7 23. Qc1 Rfd8 24. Rxd7 Qxd7 25. Bb6 Rc8 26. Bd4 Nd5 27. Bxg7 Kxg7
28. Rd1 Qd6 29. Qg5 1/2-1/2

[Event "DEM U12w 2018"]
[Site "Willingen GER"]
[Date "2018.05.23"]
[Round "7"]
[White "Voigt, Anastasia"]
[Black "Hubert, Charlotte"]
[Result "0-1"]
[Termination "normal"]
[Board "14"]
[WhiteElo "1281"]
[BlackElo "1219"]
[PlyCount "62"]
[WhiteFideId "16235223"]
[BlackFideId "16265920"]
[EventCountry "GER"]
[EventRounds "11"]
[EventType "swiss"]
[EventDate "2018.05.19"]

1. e4 d5 2. exd5 Qxd5 3. Nc3 Qa5 4. d4 Nf6 5. Nf3 Bg4 6. h3 Bh5 7. g4 Bg6 8.
Bc4 e6 9. Bd2 c6 10. Qe2 Nbd7 11. O-O-O Bd6 12. d5 cxd5 13. Nxd5 Qd8 14. Nc3 a6
15. Nh4 Qc7 16. Bb3 O-O-O 17. Rhf1 Nc5 18. Nxg6 hxg6 19. g5 Nxb3+ 20. axb3 Nd7
21. Rh1 Bb4 22. Nd5 Bxd2+ 23. Rxd2 exd5 24. Rxd5 Rhe8 25. Qd3 Nc5 26. Qc4 Rxd5
27. Qxd5 Re7 28. Qd4 Nxb3+ 29. Kb1 Qxc2+ 30. Ka2 Nxd4 31. Rb1 Qa4# 0-1

[Event "DEM U12w 2018"]
[Site "Willingen GER"]
[Date "2018.05.23"]
[Round "7"]
[White "Ulrich, Helena Irene"]
[Black "Kumas, Alina"]
[Result "1-0"]
[Termination "normal"]
[Board "15"]
[WhiteElo "1282"]
[BlackElo "1157"]
[PlyCount "43"]
[WhiteFideId "16256000"]
[BlackFideId "16235789"]
[EventCountry "GER"]
[EventRounds "11"]
[EventType "swiss"]
[EventDate "2018.05.19"]

1. e4 e5 2. Nf3 Nc6 3. Bb5 a6 4. Ba4 Nf6 5. d3 d6 6. c3 g6 7. O-O Bg7 8. Re1
O-O 9. Nbd2 b5 10. Bb3 Re8 11. Nf1 h6 12. Ng3 Bb7 13. d4 exd4 14. cxd4 a5 15.
a3 Qd7 16. Bc2 d5 17. e5 Nh7 18. Be3 b4 19. Qd2 bxa3 20. bxa3 g5 21. Nh5 Qe6
22. Nxg7 1-0

[Event "DEM U12w 2018"]
[Site "Willingen GER"]
[Date "2018.05.23"]
[Round "7"]
[White "Nguyen, Jenny Ha-Linh"]
[Black "Müller, Alina"]
[Result "1-0"]
[Termination "normal"]
[Board "16"]
[WhiteElo "1360"]
[BlackElo "1208"]
[PlyCount "109"]
[WhiteFideId "16209729"]
[BlackFideId "16265939"]
[EventCountry "GER"]
[EventRounds "11"]
[EventType "swiss"]
[EventDate "2018.05.19"]

1. e4 e6 2. d4 d5 3. exd5 exd5 4. c4 dxc4 5. Bxc4 Nf6 6. Nc3 Nbd7 7. Nge2 Be7
8. O-O O-O 9. Bg5 Re8 10. Qb3 Rf8 11. Qc2 Nh5 12. Bxe7 Qxe7 13. a3 Qf6 14. Nd5
Qd8 15. Rad1 c6 16. Ne3 g6 17. Ng3 Ng7 18. Ba2 Qc7 19. d5 Qb6 20. d6 Rd8 21.
Rfe1 Qc5 22. Qxc5 Nxc5 23. Nc4 Be6 24. b4 Nd7 25. Re2 Nf8 26. Ne4 Nh5 27. Nc5
Rab8 28. Nxe6 Nxe6 29. Ne5 Nhg7 30. f4 h5 31. h3 Ne8 32. Bxe6 fxe6 33. d7 Nf6
34. Nxg6 Nxd7 35. Rxe6 Nf8 36. Rxd8 Rxd8 37. Nxf8 Rxf8 38. Re4 Rf7 39. g4 hxg4
40. hxg4 Kg7 41. Kg2 b6 42. f5 c5 43. Kf3 cxb4 44. axb4 a5 45. bxa5 bxa5 46.
Kf4 Rc7 47. Ra4 Ra7 48. Rc4 Kf6 49. g5+ Kg7 50. g6 Kf6 51. Re4 a4 52. Re6+ Kg7
53. Kg5 Kg8 54. Re8+ Kg7 55. f6# 1-0

[Event "DEM U12w 2018"]
[Site "Willingen GER"]
[Date "2018.05.23"]
[Round "7"]
[White "Gossing, Marie-Sophie"]
[Black "Shapiro, Nina"]
[Result "0-1"]
[Termination "normal"]
[Board "17"]
[WhiteElo "1309"]
[BlackElo "1281"]
[PlyCount "142"]
[WhiteFideId "16217284"]
[BlackFideId "16260007"]
[EventCountry "GER"]
[EventRounds "11"]
[EventType "swiss"]
[EventDate "2018.05.19"]

1. e4 c5 2. d4 cxd4 3. c3 Nf6 4. e5 Nd5 5. cxd4 Nc6 6. Nf3 d6 7. Bb5 e6 8. O-O
Be7 9. Qc2 Bd7 10. Nc3 Nxc3 11. Qxc3 O-O 12. Rd1 Qc8 13. Bf4 Nxe5 14. Qxc8
Raxc8 15. dxe5 Bxb5 16. exd6 Bf6 17. Rd2 Rfd8 18. Rad1 Rc4 19. Bg3 Kf8 20. h3
Ke8 21. b3 Rc3 22. Be5 Bxe5 23. Nxe5 f6 24. Nf3 Bc6 25. Ne1 Bd5 26. f4 Rxd6 27.
f5 Ke7 28. Nc2 Rb6 29. fxe6 Bxe6 30. Re2 Kf7 31. Nd4 Rd6 32. Rde1 Rxd4 33. Rxe6
Rc7 34. R6e2 Rcd7 35. Kh2 Rd1 36. Rxd1 Rxd1 37. Rc2 Ke6 38. Rc7 Rd7 39. Rc2 a6
40. a4 Rd3 41. Rc7 Rd7 42. Rxd7 Kxd7 43. Kg3 Ke6 44. Kf3 b5 45. axb5 axb5 46.
Ke3 Kd5 47. Kd3 b4 48. Ke3 f5 49. Kd3 g5 50. g3 f4 51. gxf4 gxf4 52. h4 f3 53.
Ke3 f2 54. Kxf2 Kd4 55. Ke2 Kc3 56. Ke3 Kxb3 57. Kd2 Ka2 58. h5 b3 59. h6 b2
60. Kd3 b1=Q+ 61. Kd4 Qf5 62. Kc4 Qd7 63. Kc5 Kb2 64. Kc4 Kc2 65. Kc5 Kd3 66.
Kb6 Qc8 67. Kb5 Kd4 68. Kb6 Kd5 69. Kb5 Qc5+ 70. Ka6 Qb4 71. Ka7 Kc6 0-1

[Event "DEM U12w 2018"]
[Site "Willingen GER"]
[Date "2018.05.23"]
[Round "7"]
[White "Heckler, Florentine"]
[Black "Feige, Adelina"]
[Result "1-0"]
[Termination "normal"]
[Board "18"]
[WhiteElo "1284"]
[BlackElo "1166"]
[PlyCount "93"]
[WhiteFideId "16240316"]
[BlackFideId "16265955"]
[EventCountry "GER"]
[EventRounds "11"]
[EventType "swiss"]
[EventDate "2018.05.19"]

1. Nf3 d5 2. g3 Nf6 3. Bg2 Nc6 4. O-O Bg4 5. d3 e6 6. Nbd2 Bc5 7. e4 Qd7 8. Re1
O-O-O 9. h3 Bh5 10. e5 Ng8 11. c3 d4 12. c4 Bg6 13. Nb3 Bb6 14. c5 Ba5 15. Nxa5
Nxa5 16. b4 Nc6 17. a3 a6 18. Rb1 f6 19. exf6 Nxf6 20. a4 Nd5 21. Qd2 Ndxb4 22.
Rxb4 Nxb4 23. Qxb4 c6 24. Bf4 Qe7 25. Ne5 Be8 26. h4 h5 27. Bg5 Qc7 28. Bxd8
Kxd8 29. Nf3 Qd7 30. Qxd4 Qxd4 31. Nxd4 Bd7 32. Nxe6+ Bxe6 33. Rxe6 Kd7 34. Bh3
Re8 35. Rxe8+ Kxe8 36. Bc8 b5 37. cxb6 Kd8 38. Bxa6 c5 39. Kg2 Kd7 40. Kf3 Kc6
41. b7 Kc7 42. Ke4 Kb8 43. Kd5 Ka7 44. Kxc5 Kb8 45. Kc6 g6 46. f3 g5 47. hxg5
1-0